00529nam a22001337a 4500003000500000038001800005082000800023100002400031245018000055264003400235650003500269700003300304856005800337NUST aNusrat Nadeem a200 aJanjua, Asad Asghar aA Novel Algorithm for Evaluating the Accuracy of In-Cylinder Convective Heat Transfer Coefficient Estimation Models in Port Water-Injected Diesel Engine/cAsad Asghar Janjua,  aIslamabad:bSMME NUST.c2025. a PhD- Mechanical Engineering  aSupervisor: Dr. Waqas Khalid u http://10.250.8.41:8080/xmlui/handle/123456789/54838